Statistics for Universal Studios Hollywood Rides

Click here to take the quiz!

General Stats

  • This quiz has been taken 15 times
  • The average score is 6 of 10

Answer Stats

Answer% Correct
Revenge of the Mummy
92%
Despicable Me: Minion Mayhem
67%
Jurassic World
67%
The Simpsons Ride
67%
Transformers: The Ride
67%
Harry Potter and the Forbidden Journey
58%
Mariokart: Bowser's Challenge
58%
Flight of the Hippogriff
50%
Universal Studio Tour
42%
The Secret Life Of Pets: Off the Leash
33%

Score Distribution

Percentile by Number Answered

Percent of People with Each Score

Your Score History

You have not taken this quiz